Statistiques concernant Culture Générale - Série 1908

Cliquez ici pour prendre le quiz!

Statistiques générales

  • Ce quiz a été pris 86 fois
  • Le résultat moyen est 5 sur 10

Statistiques - réponses

QuestionRéponse% Correct
Sur quelle île médtiterranéenne, se trouve la ville de "Taormina" ?Sicile
77%
Dans le monde arabe, comment appelle-t-on un marché forain éphémère, généralement hebdomadaire ?souk
77%
La forêt de Paimpont, située en Ille-et-Vilaine,est parfois identifiée comme étant la forêt mythique de ....Brocéliande
75%
Dans quel pays voisin se trouve la ville d'Ath ?Belgique
69%
Quel pays a administré "Macao" jusqu'en 1999 ? voir drapeauPortugal
63%
Quelle est la nationalité de Kenzaburo Oé, prix Nobel de littérature en 1994 ?japonaise
58%
Pour exprimer sa révolte envers un individu ou envers quelque chose, que crie-t-on sur le baudet ?haro
49%
Qui a écrit "Le blé en herbe" ?Colette
45%
Quet mot au pluriel, anagramme de "envasai", signifie "humiliation, insulte, vexation" ?avanies
23%
Au Mexique, quelle est la capitale de l'État du Nayarit ?Tepic
4%

Distribution des résultats

Percentile par nombre de réponses

% des personnes avec chaque résultat

Votre développement - résultats

Vous n’avez pas pris ce quiz